000 00517nam a2200157 4500
008 160726b xxu||||| |||| 00| 0 eng d
020 _a158255448X (alk. paper)
020 _a0781779014 (Phil. ed.)
082 _22006
_aDC 616.890231
_bSt8
245 _aStraight A's in psychiatric & mental health nursing.
260 _aPhiladelphia:
_bLippincott Williams & Wilkins,
_cc2006.
300 _axi, 371 pages;
_c22 cm.
500 _aIncludes glossaryand index.
650 0 _911933
_aPsychiatric nursing
942 _2ddc
_cDC
999 _c3586
_d3586